00661nam a2200241 a 4500001001300000003000900013005001700022008004100039020001300080082001500093100001700108245002600125260003000151300000900181500003500190505001300225650001800238700001700256902000800273942000700281952011600288999001500404nice12345678IN_TiNIC20260116012848.0050524s1981 u sa grp 000 0 eng  ac144.5500a236.9bVIN aVines, Jerry aI Shall Return -Jesus aU S AbVictor Booksc1981 a120p aincludes index and biblioraphy2 aIllinois aSecond Advent1 aVines, Jerry bSRS cBK 001040708StackRoom-aHMIbHMId2007-06-20g144.55l0o236.9 VINp010246r2007-06-20v144.55w2005-05-24yBK c8681d8681